| 000 | 00380nam a22001457a 4500 | ||
|---|---|---|---|
| 082 |
_a530 _bBUE _cL-6, P-89 |
||
| 100 |
_aBueche, F _939737 |
||
| 245 |
_aPrinciples of physics / _cF. Bueche |
||
| 250 | _a2nd ed. | ||
| 260 |
_aJapan : _bMcGRAW Hill Kogakusha, Ltd. _c1972. |
||
| 300 | _a754. | ||
| 526 |
_a0 _b0 _c0 _d530_000000000000000_BUE |
||
| 650 |
_aMCE _9379 |
||
| 942 |
_2ddc _cBK |
||
| 999 |
_c544182 _d544182 |
||